52 Weeks of Action Movies Quiz Stats

 Plays Quiz Updated Aug 6, 2017

Support Sporcle.
Go Orange.
Score 0/52 Timer 13:00
2 Plays Today
% Correct
Taken
87%
Teenage Mutant Ninja Turtles
85.9%
Star Wars
85%
Hulk
82.8%
The Adventures of Robin Hood
81.9%
Pirates of the Caribbean: The Curse of the Black Pearl
81.6%
The Incredibles
80.9%
Charlie's Angels
77.4%
First Blood
75.7%
Spider-Man
73.3%
Blade
72%
Sherlock Holmes
70.5%
Crouching Tiger, Hidden Dragon
70.3%
Guardians of the Galaxy
70.3%
Rush Hour
67.7%
Kingsman: The Secret Service
67.6%
Superman
62.7%
Transformers
62.2%
Blade Runner
54.1%
Total Recall
53.8%
Enter the Dragon
51.6%
Resident Evil
51.5%
Spy
49.2%
The Grey
48.6%
Dr. No
47%
Highlander
45.6%
% Correct
The Italian Job
41.4%
The French Connection
41.1%
Red Dawn
39.6%
Broken Arrow
33.9%
Commando
33.3%
Crank
32.5%
Æon Flux
31.4%
A Fistful of Dollars
29.9%
Star Trek: First Contact
29.3%
Oblivion
28.5%
Bullitt
28.1%
The Equalizer
23.6%
The Saint
22.3%
The Jackal
22.2%
Season of the Witch
20.1%
Ultraviolet
20%
Volcano
19.7%
Midnight Run
17.1%
Repo Men
17.1%
Titan A.E.
17.1%
Timecop
17%
Enemy Mine
15.4%
Drive Angry
15.4%
The Raid: Redemption
14.6%
Stealth
12.9%
Vertical Limit
11.7%

You're not logged in!

Compare scores with friends on all Sporcle quizzes.
OR
Log In
Forgot?

From the Vault

World Bodies of Water

by davidr

It's kind of like the opposite of the countries of the world quiz.
Remove Ads.
Support Sporcle.
Get the best of Sporcle when you Go Orange. This ad-free experience offers more features, more stats, and more fun while also helping to support Sporcle. Thank you for becoming a member.

Show Comments

Extras

Top Quizzes Today


Score Distribution

Your Account Isn't Verified!

In order to create a playlist on Sporcle, you need to verify the email address you used during registration. Go to your Sporcle Settings to finish the process.

Report this User

Report this user for behavior that violates our Community Guidelines.

Details: